| 000 | 01270pam a2200349 i 4500 | ||
|---|---|---|---|
| 001 | zcodcb b7664356 | ||
| 005 | 20240726140623.0 | ||
| 007 | t|| | ||
| 008 | 230227s2023 nyu e 000 1 eng d | ||
| 010 | _abl2023014862 | ||
| 020 |
_a9781956763737 _qhardcover |
||
| 020 | _a1956763732 | ||
| 040 |
_aNjBwBT _beng _cNjBwBT _erda _dGCmBT |
||
| 043 | _anc----- | ||
| 092 |
_aFiction _bMaynard |
||
| 100 | 1 |
_aMaynard, Joyce, _d1953- _eauthor. _4aut. _91728 |
|
| 245 | 1 | 4 |
_aThe bird hotel : _ba novel / _cJoyce Maynard. |
| 264 | 1 |
_aNew York : _bArcade Publishing, _c[2023] |
|
| 300 |
_ax, 404 pages ; _c24 cm. |
||
| 336 | _atext | ||
| 337 | _aunmediated | ||
| 338 | _avolume | ||
| 520 | _aDeciding to restore and run a decaying lakefront hotel called La Llorona in a small Central American village, Irene, a troubled yet talented artist, meets a colorful cast of characters who change her life. | ||
| 650 | 0 |
_aWomen artists _vFiction. _95684422 |
|
| 650 | 0 |
_aHotels _vFiction. _95708294 |
|
| 650 | 0 |
_aVillages _vFiction. _95724280 |
|
| 651 | 0 |
_aCentral America _vFiction. _95674916 |
|
| 655 | 7 |
_aMagic realist fiction. _2lcgft. _95777669 |
|
| 655 | 7 |
_aNovels. _2lcgft. |
|
| 907 | _a.b474821183 | ||
| 942 |
_2ddc _cBOOK |
||
| 999 |
_c384667 _d384667 |
||